[Event "Titled Tuesday 2022.09.06 Late"]
[Site "chess.com INT"]
[Date "2022.09.06"]
[Round "9"]
[White "Hansen, Eric"]
[Black "Boruchovsky, Avital"]
[Result "1-0"]
[WhiteElo "2613"]
[BlackElo "2548"]
[PlyCount "95"]
[GameId "2130307571042610"]
[EventDate "2022.09.06"]
[EventType "swiss (blitz)"]
[EventRounds "11"]
[EventCountry "NET"]
[SourceTitle "The Week in Chess 1453"]
[Source "Mark Crowther"]
[SourceDate "2022.09.12"]
[SourceVersion "1"]
[SourceVersionDate "2022.09.12"]
[SourceQuality "2"]

1. Nf3 c5 2. e4 d6 3. d4 cxd4 4. Nxd4 Nf6 5. Nc3 a6 6. Rg1 Nc6 7. Be2 g6 8. g4 Bg7 9. Be3 O-O 10. g5 Nd7 11. Qd2 Nc5 12. O-O-O Qa5 13. Kb1 Be6 14. a3 Rfc8 15. f3 b5 16. Nxc6 Rxc6 17. Nd5 Qd8 18. h4 Rac8 19. Bd4 Na4 20. Nb4 R6c7 21. Bxg7 Kxg7 22. Qd4+ Kg8 23. h5 a5 24. h6 Qf8 25. Bxb5 axb4 26. Bxa4 bxa3 27. Rd3 Rc4 28. Qa7 Ra8 29. Qf2 Rcxa4 30. b3 a2+ 31. Ka1 R4a5 32. f4 f6 33. Qd4 Rc5 34. Rd2 Rac8 35. c4 Ra8 36. f5 Bxf5 37. exf5 Rxf5 38. gxf6 Rxf6 39. Re1 Rf1 40. Rde2 Rxe1+ 41. Rxe1 e5 42. Qd5+ Kh8 43. Qb7 Rb8 44. Qc7 Ra8 45. Rd1 Qb8 46. Qxb8+ Rxb8 47. Rxd6 Rxb3 48. Rd8# 1-0

[Event "Titled Tuesday 2022.08.30 Late"]
[Site "chess.com INT"]
[Date "2022.08.30"]
[Round "2"]
[White "Hansen, Eric"]
[Black "Sivakumar, Shaashwath"]
[Result "1-0"]
[WhiteElo "2606"]
[BlackElo "2172"]
[PlyCount "51"]
[GameId "2130307571380054"]
[EventDate "2022.08.30"]
[EventType "swiss (blitz)"]
[EventRounds "11"]
[EventCountry "NET"]
[SourceTitle "The Week in Chess 1452"]
[Source "Mark Crowther"]
[SourceDate "2022.09.05"]
[SourceVersion "2"]
[SourceVersionDate "2022.09.06"]
[SourceQuality "2"]

1. Nf3 d5 2. g3 Bf5 3. Bg2 e6 4. O-O Nf6 5. d3 Be7 6. c4 O-O 7. Qb3 Qc8 8. Nc3 c6 9. Bf4 h6 10. Rac1 Bh7 11. Nd4 Qd7 12. cxd5 cxd5 13. Na4 Na6 14. Qb5 Rfc8 15. a3 Rxc1 16. Rxc1 Rc8 17. Rxc8+ Qxc8 18. Bh3 Nc5 19. Nc3 a6 20. Qa5 Nfd7 21. Na4 Bd8 22. Qb4 a5 23. Qc3 b6 24. b4 axb4 25. axb4 e5 26. Bxe5 1-0

[Event "Titled Tuesday 2022.08.30 Late"]
[Site "chess.com INT"]
[Date "2022.08.30"]
[Round "4"]
[White "Hansen, Eric"]
[Black "Abdyjapar, Asyl"]
[Result "1-0"]
[WhiteElo "2606"]
[BlackElo "2285"]
[PlyCount "153"]
[GameId "2130307571380132"]
[EventDate "2022.08.30"]
[EventType "swiss (blitz)"]
[EventRounds "11"]
[EventCountry "NET"]
[SourceTitle "The Week in Chess 1452"]
[Source "Mark Crowther"]
[SourceDate "2022.09.05"]
[SourceVersion "2"]
[SourceVersionDate "2022.09.06"]
[SourceQuality "2"]

1. d4 Nf6 2. c4 g6 3. Nc3 d6 4. e4 Bg7 5. Bd3 Nbd7 6. Nge2 e5 7. d5 O-O 8. O-O a5 9. Ng3 Nc5 10. Bc2 Bd7 11. h3 h6 12. Be3 Qe8 13. Qd2 Kh7 14. Rae1 g5 15. b3 Ng8 16. a3 a4 17. b4 Nb3 18. Qd1 Nd4 19. Bb1 Kh8 20. Nh5 Nb3 21. Bc2 Ne7 22. Bxb3 axb3 23. Qxb3 f5 24. Nxg7 Kxg7 25. exf5 Nxf5 26. c5 Bb5 27. Nxb5 Qxb5 28. Rc1 Rf7 29. Rfd1 Qe2 30. Rd2 Qa6 31. Rc3 Raf8 32. a4 Nh4 33. Rc4 Ng6 34. Rdc2 Ne7 35. b5 Qa5 36. Bd2 Qa8 37. Bb4 Nf5 38. b6 Nd4 39. Rxd4 exd4 40. bxc7 Rxc7 41. c6 Rf6 42. Qa3 Qd8 43. Ba5 Qe7 44. Bxc7 Qxc7 45. Qb4 bxc6 46. Rxc6 Qa7 47. Qc4 Kg6 48. Rc7 Qa5 49. Qc2+ Kh5 50. Qd1+ Kg6 51. Rc4 Qxd5 52. Rxd4 Qe5 53. Qd3+ Kg7 54. Qd2 Qc5 55. g3 Qe5 56. h4 gxh4 57. Rxh4 Qc5 58. Rd4 Rg6 59. a5 Qb5 60. Rd5 Qb1+ 61. Kh2 Qe4 62. Qd4+ Qxd4 63. Rxd4 Kf7 64. a6 d5 65. Ra4 Rg8 66. a7 Ra8 67. Ra6 Ke7 68. Kg2 d4 69. Kf3 d3 70. Ke3 d2 71. Kxd2 Kd7 72. Rxh6 Kc7 73. Rh7+ Kb6 74. Ke3 Re8+ 75. Kf3 Rf8+ 76. Kg2 Rf7 77. Rxf7 1-0

[Event "Titled Tuesday 2022.08.30 Late"]
[Site "chess.com INT"]
[Date "2022.08.30"]
[Round "5"]
[White "Tica, Sven"]
[Black "Hansen, Eric"]
[Result "0-1"]
[WhiteElo "2436"]
[BlackElo "2606"]
[PlyCount "74"]
[GameId "2130307571384267"]
[EventDate "2022.08.30"]
[EventType "swiss (blitz)"]
[EventRounds "11"]
[EventCountry "NET"]
[SourceTitle "The Week in Chess 1452"]
[Source "Mark Crowther"]
[SourceDate "2022.09.05"]
[SourceVersion "2"]
[SourceVersionDate "2022.09.06"]
[SourceQuality "2"]

1. e4 c5 2. Nc3 Nc6 3. f4 d6 4. Nf3 g6 5. Bc4 Bg7 6. O-O e6 7. d3 Nge7 8. Qe1 Nd4 9. Nxd4 cxd4 10. Ne2 O-O 11. Bb3 a5 12. a4 Bd7 13. Bd2 Kh8 14. Qf2 e5 15. f5 gxf5 16. exf5 Nxf5 17. Bd5 Rc8 18. c4 Ne7 19. Bxb7 Rb8 20. Be4 f5 21. Bg5 fxe4 22. Qh4 Rxf1+ 23. Rxf1 Ng6 24. Qh5 Qg8 25. Ng3 exd3 26. Ne4 Nf4 27. Rxf4 Be8 28. Qh3 exf4 29. Nf6 d2 30. Qd3 Bg6 31. Qxd2 Qxc4 32. Qxf4 Rf8 33. h4 Qc5 34. h5 Bxh5 35. Qh4 d3+ 36. Kh2 Qe5+ 37. Kh1 Bxf6 0-1

[Event "Titled Tuesday 2022.08.30 Late"]
[Site "chess.com INT"]
[Date "2022.08.30"]
[Round "9"]
[White "Hansen, Eric"]
[Black "Bortnyk, Olexandr"]
[Result "1-0"]
[WhiteElo "2606"]
[BlackElo "2604"]
[PlyCount "69"]
[GameId "2130307571384358"]
[EventDate "2022.08.30"]
[EventType "swiss (blitz)"]
[EventRounds "11"]
[EventCountry "NET"]
[SourceTitle "The Week in Chess 1452"]
[Source "Mark Crowther"]
[SourceDate "2022.09.05"]
[SourceVersion "2"]
[SourceVersionDate "2022.09.06"]
[SourceQuality "2"]

1. d4 d6 2. e4 Nf6 3. Nc3 Nbd7 4. Nge2 c5 5. Be3 cxd4 6. Nxd4 g6 7. f3 Bg7 8. Qd2 h5 9. O-O-O a6 10. Bc4 b5 11. Bd5 Nxd5 12. Nxd5 Bb7 13. Bg5 Bxd5 14. exd5 Ne5 15. b3 O-O 16. f4 Ng4 17. Nc6 Qb6 18. Bxe7 Rfe8 19. Rde1 Qc5 20. Kb1 a5 21. h3 Nh6 22. g4 Kh8 23. f5 gxf5 24. Bf6 Kh7 25. Bxg7 Kxg7 26. gxf5 Kh7 27. f6 Rg8 28. Ne7 Rg3 29. Rh2 a4 30. Rg2 Rxg2 31. Qxg2 Rg8 32. Nxg8 Nf5 33. Ne7 axb3 34. Qg8+ Kh6 35. Nxf5# 1-0

[Event "Titled Tuesday 2022.08.30 Late"]
[Site "chess.com INT"]
[Date "2022.08.30"]
[Round "10"]
[White "Deac, Bogdan Daniel"]
[Black "Hansen, Eric"]
[Result "1-0"]
[WhiteElo "2699"]
[BlackElo "2606"]
[PlyCount "52"]
[GameId "2130307571384380"]
[EventDate "2022.08.30"]
[EventType "swiss (blitz)"]
[EventRounds "11"]
[EventCountry "NET"]
[SourceTitle "The Week in Chess 1452"]
[Source "Mark Crowther"]
[SourceDate "2022.09.05"]
[SourceVersion "2"]
[SourceVersionDate "2022.09.06"]
[SourceQuality "2"]

1. d4 Nf6 2. c4 e6 3. Nc3 Bb4 4. e3 O-O 5. Bd3 d5 6. a3 Be7 7. Nf3 dxc4 8. Bxc4 c5 9. O-O a6 10. dxc5 Bxc5 11. Qe2 b5 12. Bd3 Bb7 13. e4 Nc6 14. e5 Nd7 15. Bxh7+ Kh8 16. Be4 f5 17. exf6 Nxf6 18. Be3 Bd6 19. Ng5 Qe8 20. f4 Kg8 21. Qf3 Rc8 22. Qh3 Rf7 23. Bg6 Nd8 24. Rad1 Qc6 25. Nce4 Be7 26. Rxd8+ Bxd8 1-0

[Event "Titled Tuesday 2022.08.16 Early"]
[Site "chess.com INT"]
[Date "2022.08.16"]
[Round "4"]
[White "Vachylia, Andrii"]
[Black "Hansen, Eric"]
[Result "0-1"]
[WhiteElo "2274"]
[BlackElo "2606"]
[PlyCount "112"]
[GameId "2130307571871906"]
[EventDate "2022.08.16"]
[EventType "swiss (blitz)"]
[EventRounds "11"]
[EventCountry "NET"]
[SourceTitle "The Week in Chess 1450"]
[Source "Mark Crowther"]
[SourceDate "2022.08.22"]
[SourceVersion "1"]
[SourceVersionDate "2022.08.22"]
[SourceQuality "2"]

1. e4 c5 2. Nf3 e6 3. d4 cxd4 4. Nxd4 a6 5. Bd3 Qb6 6. c3 Nc6 7. O-O Nf6 8. Nd2 Qc7 9. f4 Bc5 10. N2f3 d6 11. Kh1 e5 12. Nb3 Ba7 13. fxe5 dxe5 14. Bg5 Ng4 15. Qe2 h6 16. Bd2 O-O 17. h3 Nf6 18. Nh4 Qe7 19. Bc4 b5 20. Bd3 Rd8 21. Nf5 Bxf5 22. Rxf5 Qe6 23. Raf1 Ne7 24. R5f3 Ng6 25. g4 Nf4 26. Bxf4 exf4 27. Rxf4 Rac8 28. e5 Qd5+ 29. R4f3 Re8 30. Qg2 Rxe5 31. Rf5 Qd6 32. Qg3 Rce8 33. Rxe5 Rxe5 34. Bf5 Bb8 35. Nc1 g6 36. Bb1 Qc6+ 37. Qg2 Qe6 38. Qf2 Ne4 39. Qg2 h5 40. Nd3 Rg5 41. Nf4 Bxf4 42. Rxf4 Nf6 43. Qf2 Nd5 44. Re4 Qd6 45. Qd2 Re5 46. Rxe5 Qxe5 47. gxh5 Qxh5 48. Qg2 Ne3 49. Qe4 Qxh3+ 50. Kg1 Qg3+ 51. Kh1 Ng4 52. Qg2 Qe1+ 53. Qg1 Qh4+ 54. Kg2 Ne5 55. Qf2 Qg5+ 56. Kh2 Ng4+ 0-1

[Event "Chess.com RCC Wk25 Swiss"]
[Site "chess.com INT"]
[Date "2022.08.13"]
[Round "3"]
[White "Hansen, Eric"]
[Black "Eljanov, Pavel"]
[Result "1-0"]
[WhiteElo "2606"]
[BlackElo "2695"]
[PlyCount "97"]
[GameId "2130307571988546"]
[EventDate "2022.08.13"]
[EventType "swiss (rapid)"]
[EventRounds "9"]
[EventCountry "NET"]
[SourceTitle "The Week in Chess 1449"]
[Source "Mark Crowther"]
[SourceDate "2022.08.15"]
[SourceVersion "1"]
[SourceVersionDate "2022.08.15"]
[SourceQuality "2"]

1. e4 e5 2. Nf3 Nc6 3. Bb5 Bc5 4. O-O Nge7 5. c3 a6 6. Ba4 Ng6 7. d4 Ba7 8. Bg5 f6 9. Be3 O-O 10. Nbd2 d6 11. h3 Kh8 12. Re1 exd4 13. Nxd4 Nxd4 14. Bxd4 f5 15. Bc2 c5 16. exf5 Nh4 17. Be3 Nxf5 18. Bf4 d5 19. Nf3 h6 20. Ne5 Kg8 21. Qh5 c4 22. Ng6 Rf7 23. Re5 Bb8 24. Rxf5 Bxf5 25. Bxf5 Bxf4 26. Nxf4 Qd6 27. Nxd5 Raf8 28. Ne3 Rf6 29. Be4 Rxf2 30. Qd5+ Qxd5 31. Bxd5+ Kh8 32. Bxb7 Rxb2 33. Bxa6 Re8 34. Nxc4 Rc2 35. a4 Rxc3 36. Bb5 Rb8 37. Ne5 g5 38. Rf1 Rb7 39. Rf6 Kg7 40. Rg6+ Kh7 41. Rd6 Re7 42. Ng4 h5 43. Rh6+ Kg7 44. Rxh5 Rc5 45. Rh6 Re1+ 46. Kh2 Rc2 47. Rd6 Rb1 48. Bd3 Rd1 49. Rg6+ 1-0

[Event "Chess.com RCC Wk25 Swiss"]
[Site "chess.com INT"]
[Date "2022.08.13"]
[Round "4"]
[White "Preotu, Razvan"]
[Black "Hansen, Eric"]
[Result "1-0"]
[WhiteElo "2433"]
[BlackElo "2606"]
[PlyCount "107"]
[GameId "2130307571988549"]
[EventDate "2022.08.13"]
[EventType "swiss (rapid)"]
[EventRounds "9"]
[EventCountry "NET"]
[SourceTitle "The Week in Chess 1449"]
[Source "Mark Crowther"]
[SourceDate "2022.08.15"]
[SourceVersion "1"]
[SourceVersionDate "2022.08.15"]
[SourceQuality "2"]

1. e4 c5 2. Nf3 Nc6 3. Bb5 e6 4. O-O Nge7 5. Re1 a6 6. Bf1 d5 7. exd5 Nxd5 8. d4 Nf6 9. Be3 cxd4 10. Nxd4 Bd7 11. c4 Qc7 12. Nc3 O-O-O 13. Qe2 Nxd4 14. Bxd4 Bc6 15. Be5 Bd6 16. b4 Bxe5 17. Qxe5 Qxe5 18. Rxe5 Rd2 19. b5 axb5 20. cxb5 Bd5 21. Re2 Rd4 22. a4 Kb8 23. Nxd5 Nxd5 24. a5 Rc8 25. Rb2 Rb4 26. Rxb4 Nxb4 27. Rd1 Nd5 28. g3 Rc5 29. h4 h5 30. Rd4 g6 31. Ra4 Rc1 32. Kg2 Rc2 33. Ra3 f5 34. b6 Rc5 35. Be2 e5 36. Bd1 Nb4 37. Ra4 Nd3 38. Bb3 Rc3 39. Bf7 Rc6 40. Rc4 Rf6 41. Rc7 Nb4 42. Re7 Kc8 43. Bc4 Nc6 44. Rc7+ Kd8 45. a6 bxa6 46. Bxa6 Ne7 47. Rb7 e4 48. Bb5 Nc6 49. Rg7 Na5 50. b7 Rb6 51. Rd7+ Ke8 52. b8=Q+ Rxb8 53. Rb7+ Kd8 54. Rxb8+ 1-0

[Event "Chess.com RCC Wk25 Swiss"]
[Site "chess.com INT"]
[Date "2022.08.13"]
[Round "8"]
[White "Demchenko, Anton"]
[Black "Hansen, Eric"]
[Result "1/2-1/2"]
[WhiteElo "2640"]
[BlackElo "2606"]
[PlyCount "129"]
[GameId "2130307571988561"]
[EventDate "2022.08.13"]
[EventType "swiss (rapid)"]
[EventRounds "9"]
[EventCountry "NET"]
[SourceTitle "The Week in Chess 1449"]
[Source "Mark Crowther"]
[SourceDate "2022.08.15"]
[SourceVersion "1"]
[SourceVersionDate "2022.08.15"]
[SourceQuality "2"]

1. e4 c5 2. Nf3 e6 3. g3 Nc6 4. Bg2 d6 5. O-O Nf6 6. Re1 a6 7. c3 e5 8. h3 Be7 9. d4 O-O 10. d5 Nb8 11. a4 Nbd7 12. a5 b5 13. axb6 Nxb6 14. Na3 Bd7 15. Nd2 a5 16. Nac4 Nxc4 17. Nxc4 Qc7 18. f4 Bb5 19. Na3 Ba6 20. f5 Rfb8 21. g4 h6 22. Bf1 c4 23. Qa4 Nh7 24. Bxc4 Bh4 25. Re2 Bg5 26. Qc6 Qa7+ 27. Kg2 Rb6 28. Qa4 Qe7 29. Bxa6 Rbxa6 30. Nb5 h5 31. Bxg5 Qxg5 32. Nc7 hxg4 33. h4 Qd8 34. Nxa6 Rxa6 35. h5 Ra8 36. Qc6 Rc8 37. Qa6 Ra8 38. Qb7 Rb8 39. Qa7 Ra8 40. Qe3 Rc8 41. Rh1 Rc4 42. b3 Rc5 43. h6 Ng5 44. hxg7 Qf6 45. Qg3 Qxg7 46. Rh4 f6 47. Rxg4 Kf8 48. Ra2 Qb7 49. c4 Qb4 50. Qe3 Qb6 51. Kf1 Qc7 52. Rh2 Qg7 53. Qd3 Ke8 54. Rhg2 Qh6 55. Rxg5 fxg5 56. Qg3 a4 57. Qxg5 Qxg5 58. Rxg5 axb3 59. Rg8+ Kf7 60. Rb8 Rxc4 61. Rxb3 Rxe4 62. Rb6 Kf6 63. Rxd6+ Kxf5 64. Kf2 Rd4 65. Rd8 1/2-1/2

[Event "Olympiad"]
[Site "Chennai IND"]
[Date "2022.07.31"]
[Round "3.1"]
[White "Nguyen, Thai Dai Van"]
[Black "Hansen, Eric"]
[Result "1/2-1/2"]
[WhiteElo "2629"]
[BlackElo "2606"]
[PlyCount "60"]
[GameId "2130307572572363"]
[EventDate "2022.07.29"]
[EventType "team"]
[EventRounds "11"]
[EventCountry "IND"]
[SourceTitle "10 Days #695"]
[Source "ChessMix"]
[SourceDate "2022.08.10"]
[SourceVersion "1"]
[SourceVersionDate "2022.08.10"]
[SourceQuality "1"]
[WhiteTeam "Czech Republic"]
[BlackTeam "Canada"]
[WhiteTeamCountry "CZE"]
[BlackTeamCountry "CAN"]

1. d4 Nf6 2. c4 e6 3. Nc3 Bb4 4. Nf3 O-O 5. Bg5 h6 6. Bh4 c5 7. Rc1 cxd4 8. Nxd4 Nc6 9. e3 d5 10. cxd5 Qxd5 11. Bxf6 gxf6 12. Nxc6 Qxd1+ 13. Kxd1 bxc6 14. Bd3 Rd8 15. Ke2 Rb8 16. b3 f5 17. Na4 Rd6 18. Rhd1 Kf8 19. h3 Ke7 20. f4 Bd7 21. Nc5 Rg8 22. Nxd7 Rxd7 23. Kf2 Rgd8 24. Be2 Rxd1 25. Rxd1 Rxd1 26. Bxd1 Ba5 27. Bf3 Kd6 28. Ke2 Bb4 29. Kd3 Bc5 30. g4 fxg4 1/2-1/2

[Event "Olympiad"]
[Site "Chennai IND"]
[Date "2022.08.03"]
[Round "6.1"]
[White "Deac, Bogdan Daniel"]
[Black "Hansen, Eric"]
[Result "1-0"]
[WhiteElo "2692"]
[BlackElo "2606"]
[PlyCount "59"]
[GameId "2130307572614277"]
[EventDate "2022.07.29"]
[EventType "team"]
[EventRounds "11"]
[EventCountry "IND"]
[SourceTitle "10 Days #695"]
[Source "ChessMix"]
[SourceDate "2022.08.10"]
[SourceVersion "1"]
[SourceVersionDate "2022.08.10"]
[SourceQuality "1"]
[WhiteTeam "Romania"]
[BlackTeam "Canada"]
[WhiteTeamCountry "ROU"]
[BlackTeamCountry "CAN"]

1. d4 Nf6 2. c4 e6 3. Nc3 d5 4. Nf3 c5 5. e3 a6 6. cxd5 exd5 7. g3 Nc6 8. Bg2 Bd6 9. O-O O-O 10. b3 cxd4 11. Nxd4 Bg4 12. Qd2 Nxd4 13. Qxd4 Re8 14. Nxd5 Be5 15. Nxf6+ Qxf6 16. Qxg4 Bxa1 17. Bxb7 Ra7 18. Bd5 Bb2 19. Qa4 Rd8 20. e4 Bxc1 21. Rxc1 g6 22. Qa5 Kg7 23. Kg2 Rd6 24. Rc7 Rd7 25. Rc8 Qe5 26. Rg8+ Kf6 27. Qb6+ Ke7 28. Qc5+ Kf6 29. f4 Qb2+ 30. Kf3 1-0

[Event "Olympiad"]
[Site "Chennai IND"]
[Date "2022.08.05"]
[Round "7.1"]
[White "Hansen, Eric"]
[Black "Greet, Andrew N"]
[Result "1-0"]
[WhiteElo "2606"]
[BlackElo "2392"]
[PlyCount "71"]
[GameId "2130307572626901"]
[EventDate "2022.07.29"]
[EventType "team"]
[EventRounds "11"]
[EventCountry "IND"]
[SourceTitle "10 Days #695"]
[Source "ChessMix"]
[SourceDate "2022.08.10"]
[SourceVersion "1"]
[SourceVersionDate "2022.08.10"]
[SourceQuality "1"]
[WhiteTeam "Canada"]
[BlackTeam "Scotland"]
[WhiteTeamCountry "CAN"]
[BlackTeamCountry "SCO"]

1. d4 Nf6 2. c4 e6 3. Nf3 b6 4. g3 Ba6 5. Qc2 Bb4+ 6. Bd2 Be7 7. Bg2 c6 8. O-O O-O 9. Rc1 d5 10. cxd5 cxd5 11. Bf4 Bd6 12. Ne5 Nh5 13. Be3 f6 14. Nd3 f5 15. Nc3 Nd7 16. Bf3 Nhf6 17. Nf4 Bxf4 18. Bxf4 b5 19. a4 bxa4 20. Qxa4 Bb7 21. Nb5 Nb6 22. Qb4 a5 23. Rxa5 Rxa5 24. Qxa5 Na8 25. Qxd8 Rxd8 26. Nd6 Ba6 27. Rc6 Bc4 28. Nxc4 dxc4 29. Rxe6 Kf7 30. Ra6 Ne4 31. g4 g6 32. gxf5 gxf5 33. Bxe4 fxe4 34. e3 h5 35. h4 Rc8 36. Kf1 1-0

[Event "Olympiad"]
[Site "Chennai IND"]
[Date "2022.08.06"]
[Round "8.1"]
[White "Hansen, Eric"]
[Black "Yilmaz, Mustafa"]
[Result "1-0"]
[WhiteElo "2606"]
[BlackElo "2634"]
[PlyCount "106"]
[GameId "2130307572639517"]
[EventDate "2022.07.29"]
[EventType "team"]
[EventRounds "11"]
[EventCountry "IND"]
[SourceTitle "10 Days #695"]
[Source "ChessMix"]
[SourceDate "2022.08.10"]
[SourceVersion "1"]
[SourceVersionDate "2022.08.10"]
[SourceQuality "1"]
[WhiteTeam "Canada"]
[BlackTeam "Turkey"]
[WhiteTeamCountry "CAN"]
[BlackTeamCountry "TUR"]

1. e4 c5 2. Nf3 d6 3. Bb5+ Nd7 4. O-O a6 5. Bxd7+ Bxd7 6. c3 Nf6 7. Re1 e6 8. d4 Be7 9. dxc5 dxc5 10. e5 Nd5 11. c4 Nb4 12. a3 Nc6 13. Nc3 Na5 14. Bf4 Bc6 15. Qe2 Qb6 16. Ne4 Bxe4 17. Qxe4 Rd8 18. Rab1 Nc6 19. Be3 Qb3 20. Qg4 Kf8 21. h4 h6 22. h5 Rg8 23. Rec1 Qd3 24. b4 cxb4 25. axb4 Nxb4 26. Nd4 g5 27. Rd1 Qxc4 28. Rxb4 Qxb4 29. Nxe6+ fxe6 30. Rxd8+ Kf7 31. Qf3+ Kg7 32. Rd7 Rf8 33. Qxb7 Rf7 34. Qxa6 Qb1+ 35. Qf1 Qxf1+ 36. Kxf1 Kf8 37. g4 Bb4 38. Rd8+ Kg7 39. Re8 Re7 40. Rb8 Bc3 41. Rb5 Rd7 42. Ke2 Bd4 43. Bc1 Rc7 44. Bd2 Rc5 45. Rb7+ Kg8 46. f4 gxf4 47. Bxf4 Bxe5 48. Bxh6 Bf6 49. g5 Rxg5 50. Bxg5 Bxg5 51. Kf3 Bd2 52. Ke4 Bc3 53. Kf4 Kf8 1-0

[Event "Olympiad"]
[Site "Chennai IND"]
[Date "2022.08.07"]
[Round "9.1"]
[White "Kantans, Toms"]
[Black "Hansen, Eric"]
[Result "0-1"]
[WhiteElo "2486"]
[BlackElo "2606"]
[PlyCount "50"]
[GameId "2130307572656241"]
[EventDate "2022.07.29"]
[EventType "team"]
[EventRounds "11"]
[EventCountry "IND"]
[SourceTitle "10 Days #695"]
[Source "ChessMix"]
[SourceDate "2022.08.10"]
[SourceVersion "1"]
[SourceVersionDate "2022.08.10"]
[SourceQuality "1"]
[WhiteTeam "Latvia"]
[BlackTeam "Canada"]
[WhiteTeamCountry "LAT"]
[BlackTeamCountry "CAN"]

1. e4 c5 2. Nf3 Nc6 3. Bb5 e6 4. O-O Nge7 5. d4 cxd4 6. Nxd4 Qb6 7. Nxc6 bxc6 8. Bd3 Ng6 9. a4 Be7 10. a5 Qc7 11. f4 d5 12. Qh5 dxe4 13. Bxe4 Ba6 14. Re1 O-O 15. g3 f5 16. Bg2 e5 17. Qf3 Bc5+ 18. Be3 Bxe3+ 19. Qxe3 exf4 20. Qc5 fxg3 21. Nc3 gxh2+ 22. Kh1 Rac8 23. Re6 Qg3 24. Re3 Qf2 25. Nd1 Qg1# 0-1

[Event "Olympiad"]
[Site "Chennai IND"]
[Date "2022.08.09"]
[Round "11.1"]
[White "Hansen, Eric"]
[Black "Quesada Perez, Yasser"]
[Result "1/2-1/2"]
[WhiteElo "2606"]
[BlackElo "2568"]
[PlyCount "76"]
[GameId "2130307572681450"]
[EventDate "2022.07.29"]
[EventType "team"]
[EventRounds "11"]
[EventCountry "IND"]
[SourceTitle "10 Days #695"]
[Source "ChessMix"]
[SourceDate "2022.08.10"]
[SourceVersion "1"]
[SourceVersionDate "2022.08.10"]
[SourceQuality "1"]
[WhiteTeam "Canada"]
[BlackTeam "Cuba"]
[WhiteTeamCountry "CAN"]
[BlackTeamCountry "CUB"]

1. e4 e5 2. Nf3 Nf6 3. Nxe5 d6 4. Nf3 Nxe4 5. Qe2 Qe7 6. d3 Nf6 7. Nc3 Qxe2+ 8. Bxe2 Bd7 9. h3 g6 10. Nd4 Nc6 11. Be3 O-O-O 12. O-O-O Bg7 13. Rhe1 Rde8 14. Bf1 Ne7 15. Bd2 Nfd5 16. Nxd5 Nxd5 17. Nf3 h6 18. d4 b5 19. c3 Bc6 20. Rxe8+ Rxe8 21. Re1 Rxe1+ 22. Nxe1 Kd7 23. Nc2 f5 24. f3 h5 25. b3 Bf6 26. c4 bxc4 27. bxc4 Nb6 28. d5 Bb7 29. Nb4 h4 30. Kc2 g5 31. Bd3 f4 32. Kb3 Ke8 33. Nc6 a6 34. Ba5 Kf7 35. Bf5 Bxc6 36. dxc6 Bd4 37. Bxb6 Bxb6 38. Kc3 Kf6 1/2-1/2

[Event "Titled Tuesday 2022.07.26 Early"]
[Site "chess.com INT"]
[Date "2022.07.26"]
[Round "3"]
[White "Hansen, Eric"]
[Black "Daianu, Cristian Clement"]
[Result "1-0"]
[WhiteElo "2606"]
[BlackElo "2149"]
[PlyCount "49"]
[GameId "2130307572890371"]
[EventDate "2022.07.26"]
[EventType "swiss (blitz)"]
[EventRounds "11"]
[EventCountry "NET"]
[SourceTitle "The Week in Chess 1447"]
[Source "Mark Crowther"]
[SourceDate "2022.08.01"]
[SourceVersion "1"]
[SourceVersionDate "2022.08.01"]
[SourceQuality "2"]

1. e4 c5 2. Nf3 d6 3. Bb5+ Nd7 4. c3 Ngf6 5. Qe2 e6 6. d4 cxd4 7. cxd4 Be7 8. O-O O-O 9. Nc3 a6 10. Bd3 b5 11. e5 Ne8 12. Qe4 f5 13. Qxa8 Qb6 14. Nd5 exd5 15. Qxd5+ Kh8 16. Bg5 Nc7 17. Qb3 Bxg5 18. Nxg5 d5 19. Rac1 Ne6 20. Nxe6 Qxe6 21. Qb4 Kg8 22. Rc7 Nb6 23. Rfc1 Nc4 24. b3 Qb6 25. Qe7 1-0

[Event "Titled Tuesday 2022.07.26 Early"]
[Site "chess.com INT"]
[Date "2022.07.26"]
[Round "6"]
[White "Goltsev, Dmitry"]
[Black "Hansen, Eric"]
[Result "0-1"]
[WhiteElo "2294"]
[BlackElo "2606"]
[PlyCount "92"]
[GameId "2130307572894596"]
[EventDate "2022.07.26"]
[EventType "swiss (blitz)"]
[EventRounds "11"]
[EventCountry "NET"]
[SourceTitle "The Week in Chess 1447"]
[Source "Mark Crowther"]
[SourceDate "2022.08.01"]
[SourceVersion "1"]
[SourceVersionDate "2022.08.01"]
[SourceQuality "2"]

1. e4 c5 2. Nf3 e6 3. d4 cxd4 4. Nxd4 a6 5. c4 Qc7 6. Nc3 Nf6 7. Be2 Bb4 8. f3 Nc6 9. Be3 d5 10. exd5 exd5 11. O-O dxc4 12. Bxc4 O-O 13. Nxc6 Qxc6 14. Qb3 Bc5 15. Bxc5 Qxc5+ 16. Kh1 b5 17. Bd5 Ra7 18. Rac1 Qb6 19. Ne4 Nxd5 20. Qxd5 Be6 21. Qd6 Qxd6 22. Nxd6 Bxa2 23. Ra1 Rd7 24. Rxa2 Rxd6 25. h3 Re8 26. Rfa1 Ree6 27. b4 h5 28. Kh2 h4 29. Rc2 Rc6 30. Rd2 Kh7 31. Rd7 Kg6 32. Ra7 Kf6 33. Ra2 g5 34. g3 hxg3+ 35. Kxg3 Kg6 36. h4 gxh4+ 37. Kxh4 Rf6 38. Kg3 Rc3 39. R2xa6 Rcxf3+ 40. Kg2 R3f4 41. Ra3 Rxb4 42. Rg3+ Kf5 43. Rb7 Rb2+ 44. Kg1 Kf4 45. Rh3 Rf5 46. Kh1 Kg4 0-1

[Event "Titled Tuesday 2022.07.26 Early"]
[Site "chess.com INT"]
[Date "2022.07.26"]
[Round "9"]
[White "Hansen, Eric"]
[Black "Raja, Harshit"]
[Result "1-0"]
[WhiteElo "2606"]
[BlackElo "2477"]
[PlyCount "77"]
[GameId "2130307572898791"]
[EventDate "2022.07.26"]
[EventType "swiss (blitz)"]
[EventRounds "11"]
[EventCountry "NET"]
[SourceTitle "The Week in Chess 1447"]
[Source "Mark Crowther"]
[SourceDate "2022.08.01"]
[SourceVersion "1"]
[SourceVersionDate "2022.08.01"]
[SourceQuality "2"]

1. e4 c5 2. Nf3 d6 3. Bb5+ Nd7 4. c3 Ngf6 5. Qe2 a6 6. Ba4 b5 7. Bc2 Bb7 8. O-O e6 9. d4 Be7 10. Re1 Rc8 11. Bd3 O-O 12. Nbd2 Qc7 13. Nf1 Rfe8 14. Ng3 Nf8 15. Bd2 Ng6 16. a4 c4 17. Bc2 Bc6 18. h4 Qb7 19. axb5 axb5 20. h5 Nf8 21. h6 g6 22. Bg5 b4 23. cxb4 Qxb4 24. Ra7 N8d7 25. d5 exd5 26. Nd4 Qc5 27. Nxc6 Rxc6 28. exd5 Rc7 29. Be3 Rxa7 30. Bxc5 Nxc5 31. Qxc4 Ncd7 32. Ba4 Ne5 33. Rxe5 dxe5 34. Bxe8 Nxe8 35. Qc8 Kf8 36. Ne4 f5 37. Nc5 Ra1+ 38. Kh2 Kf7 39. Qe6+ 1-0